Представление документа в формате MARC21

Поле Инд. ПП Название Значение
Тип записи m
Библиографический уровень m
001 Контрольный номер RU/LIBMSTU/337356367
005 Дата корректировки 20160530103343.8
008 Кодируемые данные 110628|||||||||ru||||||||||||||||||rus||
040 b Код языка каталог. rus
041 0_ a Код языка текста rus
084 a Индекс другой классификации/Индекс ББК 95+74.58+72
090 x Авторский знак М 91
110 2_ a Организация/ юрисдикция Мурманский государственный технический университет
245 10 a Заглавие Проблемы и условия перехода экономики Севера на инновационный путь развития
b Продолж. заглавия сб. избр. материалов междунар. науч.-практ. конф. (15-19 марта 2010 г.)
h Физич. носитель Электронный ресурс
c Ответственность ФГОУ ВПО "Мурман. гос. пед. ун-т", Ин-т экон. проблем им. Г. П. Лузина Кольского науч. центра РАН
256 a Характеристики компьютерного файла Электрон. текстовые дан. (1 файл : 1,6 Мб)
260 a Место издания Мурманск
b Издательство Изд-во МГТУ
c Дата издания 2010
500 a Примечание Доступ из локальной сети Мурман. гос. техн. ун-та
500 10 a Примечание Загл. с экрана
500 10 a Примечание Имеется печ. аналог 2010 г.
500 10 a Примечание Имеется электрон. опт. диск (CD-ROM)
583 x Служебное примечание Арктические исследования
x Служебное примечание Полнотекстовые документы
x Служебное примечание Труды преподавателей МГТУ
x Служебное примечание Краеведческий каталог
653 0_ a Ключевые слова Исследования арктические
a Ключевые слова Конференции международные
a Ключевые слова Конференции научно-практические
a Ключевые слова Материалы конференций
a Ключевые слова МГТУ
a Ключевые слова Мурманский государственный технический университет
a Ключевые слова Наука
a Ключевые слова Образование
a Ключевые слова Экономика Севера
a Ключевые слова Электронные версии
a Ключевые слова Труды преподавателей МГТУ
856 40 u URL https://elib.mauniver.ru/2010/XZ_10_9.pdf
901 t Тип документа m